| 000 | 00623nam a2200205 a 4500 | ||
|---|---|---|---|
| 005 | 20230511063603.0 | ||
| 008 | 050414s2001 cl 000 0 spa d | ||
| 020 | _a9580610029 | ||
| 035 | _aUPN01000139379 | ||
| 049 | _aCG | ||
| 050 | 4 |
_aPQ6071 E7 _bR8.3 |
|
| 100 | 1 |
_aRuvalcaba, Eusebio, _d1951-2017 _932647 |
|
| 245 | 1 | 4 |
_aLas cuarentonas : _bdiccionario amoroso / _cEusebio Ruvalcaba ; pról. Germán Dehesa. |
| 260 |
_aColombia : _bOveja Negra, _c2001. |
||
| 300 |
_a190 p. : _bil. |
||
| 650 | 2 |
_aLiteratura erótica _920788 |
|
| 650 | 2 |
_aErotismo _910081 |
|
| 650 | 4 |
_aSEXO EN LA LITERATURA _913480 |
|
| 905 | _aLibro | ||
| 999 |
_c111527 _d111527 |
||